50 pays avec les plus grandes côtes - Statistiques

Statistiques générales
  • Ce quiz a été pris 40 fois
  • Le résultat moyen est 28 sur 50
Statistiques - réponses
Rang Longueur des côtes Pays % Correct
1 202 080 km Canada
100%
5 37 653 km Russie
76%
9 22 450 km États-Unis
71%
10 19 193 km France
71%
3 54 716 km Indonésie
71%
2 104 600 km Norvège
71%
8 29 196 km Australie
68%
12 15 274 km Chine
68%
18 7 367 km Brésil
66%
27 4 964 km Espagne
66%
19 7 000 km Inde
66%
7 29 751 km Japon
66%
40 2 798 km Afrique du Sud
63%
20 6 435 km Chili
63%
15 9 330 km Mexique
63%
11 15 910 km Royaume-Uni
63%
38 2 945 km Maroc
61%
13 15 134 km Nouvelle-Zélande
61%
35 3 218 km Suède
61%
4 52 518 km Danemark
58%
14 14 880 km Grèce
58%
17 7 914 km Italie
58%
28 4 828 km Madagascar
58%
16 8 333 km Turquie
58%
6 36 289 km Philippines
55%
37 3 025 km Somalie
55%
25 4 989 km Argentine
53%
31 3 735 km Cuba
53%
47 2 450 km Égypte
53%
46 2 470 km Mozambique
53%
33 3 444 km Vietnam
53%
42 2 640 km Arabie Saoudite
50%
36 3 208 km Colombie
50%
26 4 988 km Islande
50%
29 4 675 km Malaisie
50%
34 3 219 km Thaïlande
50%
39 2 800 km Venezuela
50%
48 2 440 km Iran
47%
32 3 542 km Bahamas
45%
24 5 152 km Papouasie-Nouvelle-Guinée
45%
49 2 414 km Pérou
45%
50 2 413 km Corée du Sud
42%
21 6 112 km États fédérés de Micronésie
42%
22 5 835 km Croatie
39%
23 5 313 km Îles Salomon
34%
45 2 490 km Panama
34%
41 2 782 km Ukraine
34%
44 2 495 km Corée du Nord
32%
43 2 528 km Vanuatu
32%
30 3 794 km Estonie
24%
Aucun quiz correspondant
Distribution des résultats
% des personnes avec chaque résultat
Percentile par nombre de réponses
Votre historique - résultats
Vous n’avez pas pris ce quiz